Strategic market management/ (Record no. 7957)

MARC details
000 -LEADER
fixed length control field 00599nam a22001937a 4500
003 - CONTROL NUMBER IDENTIFIER
control field OSt
005 - DATE AND TIME OF LATEST TRANSACTION
control field 20260129040309.0
008 - FIXED-LENGTH DATA ELEMENTS--GENERAL INFORMATION
fixed length control field 260129b |||||||| |||| 00| 0 eng d
020 ## - INTERNATIONAL STANDARD BOOK NUMBER
International Standard Book Number 0-471-41572-3
040 ## - CATALOGING SOURCE
Original cataloging agency DWC-Main Lib.
Transcribing agency OC
082 ## - DEWEY DECIMAL CLASSIFICATION NUMBER
Edition number 6th ed.
Classification number Circ. 0-471-41572-3
100 ## - MAIN ENTRY--PERSONAL NAME
Personal name Aaker, David A.
245 ## - TITLE STATEMENT
Title Strategic market management/
Statement of responsibility, etc. David A. Aaker
250 ## - EDITION STATEMENT
Edition statement 6th ed.
260 ## - PUBLICATION, DISTRIBUTION, ETC.
Place of publication, distribution, etc. New York : John Wiley and Sons, Inc., c2001
Name of publisher, distributor, etc. John Wiley and Sons, Inc.,
Date of publication, distribution, etc. c2001,
300 ## - PHYSICAL DESCRIPTION
Extent xiv, 338 p. ;
Dimensions 23 cm.
500 ## - GENERAL NOTE
General note Includes index.
942 ## - ADDED ENTRY ELEMENTS (KOHA)
Source of classification or shelving scheme Dewey Decimal Classification
Koha item type Book Circulation
Edition 6th ed.
Classification part Circ.
Suppress in OPAC No
952 ## - LOCATION AND ITEM INFORMATION (KOHA)
--
Holdings
Withdrawn status Lost status Source of classification or shelving scheme Damaged status Not for loan Home library Current library Shelving location Date acquired Source of acquisition Total Checkouts Full call number Barcode Date last seen Copy number Price effective from Koha item type Uniform Resource Identifier
    Dewey Decimal Classification     College Library College Library Circulation 02/04/2003 School Fund   Circ. 0-471-41572-3 CL37013 01/29/2026 c1 01/29/2026 BK-CIRC